000 01098nam a2200289Ia 4500
001 114460
003 DR-UNIBE
005 20260316104525.0
008 260316b2011 dr ||||| |||| 00| 0 spa d
020 _a9789945410648
040 _aBIBLIOTECA UNIBE
_cBIBLIOTECA UNIBE
_bspa
041 _aspa
082 0 _aRD 972.93054 R788r 2011
100 1 0 _aRosa, Jesús de la,
_d1936-
_eautor
_948300
245 1 3 _aLa revolución de abril de 1965 :
_bsiete días de guerra civil /
_cJesús de la Rosa
260 _aSanto Domingo :
_bLetragráfica,
_c2011
300 _a230 páginas :
_bilustraciones (blanco y negro) ;
_c24 cm
490 _aColección premios nacionales
500 4 _aPremio nacional de historia, José Gabriel García, modalidad testimonio,2005
504 _aIncluye bibliografía
505 4 _aHistoria
650 7 _aRepública Dominicana
_2lemb
_xHistoria
_yRevolución, 1965
_9203291
700 1 _aGarcía Fernández, Porfirio
_epresentación
_9130090
700 1 _aFranco Pichardo, Franklin,
_d1936-1013
_eprologuista
_9203288
942 _cBK
_2ddc
951 _a20061022 10:18:00
999 _c114460
_d114460